02035cam a2200277 a 4500020002300000020002300023020002600046041001200072100002100084245002800105260003500133300001600168490003300184505013200217520113000349650001101479650002201490650001001512650002801522650001901550650002101569856006001590942000701650952008301657999001701740 a178076023X (cloth) a1780760248 (Paper) a9781780760247 (Paper) aEnglish1 aRuthven, Malise.10aEncounters with Islam : aLondon :bI.B. Tauris,cc2012. ax, 267 p. ;0 aLibrary of modern religion ;0 aA clash of civilisations? -- Faith, power and terror -- Muslim societies -- Iran in focus -- Islam in the West -- Beyond Islam. aFor many years Malise Ruthven has been at the forefront of discerning commentary on the Islamic world and its relations with the predominantly secularised and Christian societies of the West. Well known for his bold interventions on such issues as the Rushdie affair and publication of The Satanic Verses; the many unresolved questions relating to the Lockerbie bombing; and the globe-changing terrorist attack of 9/11, Ruthven's perceptive writings, particularly those that have appeared in the "New York Review of Books", reliably re-frame difficult issues and problems so that his readers are prompted to look at the challenges afresh. Ruthven is here at his most compelling: he offers astute and topical insights across the whole spectrum of Middle East and Islamic studies. Whether questioning the involvement of Libyan agents in the downing of Pan Am Flight 103; exploring the contested place of women in Islam; or discussing the disputed term Islamofascism (his own), the author's probing, searchlight intelligence aims always to get at the truth of things, regardless of attendant controversy.--provided by publisher. 0aIslam. 0aCulture conflict. 0aIslam 0aIslamic fundamentalism. 0aEast and West. 0aIslam and state.41uhttp://www.loc.gov/catdir/toc/fy13pdf01/2012498144.html cBK 00104070aHMIbHMIcGENd2018-10-29l0p11003778r2026-01-16w2026-01-16yBK c22415d22415